Quiz o Krzysztofie Kolumbie - Statystyki

Ogólne statystyki
  • Ten quiz został rozwiązany 44 razy
  • Średni wynik to 11 z 19
Statystyki odpowiedzi
Zagadnienie Odpowiedź % Poprawnych
Które królestwo płaciło za jego podróże? (Technicznie rzecz biorąc, dwa połączone królestwa) Hiszpania (Kastylia i Aragonia)
97%
W jakim współczesnym państwie urodził się Kolumb? Włochy
89%
W którym roku wyruszył w swoją pierwszą podróż? 1492
84%
Jaki wyobrażali sobie ludzie w czasach Kolumba kształt świata? Płaski
82%
Jak nazywały się trzy statki, którymi Kolumb wyruszył w swoją pierwszą podróż? Santa Maria
71%
W jakim mieście urodził się Krzysztof Kolumb? Genua
68%
Które współczesne państwo było pierwszym państwem Nowego Świata, które odwiedzili Europejczycy, ponad 400 lat przed Kolumbem? Kanada
66%
Co Kolumb próbował brutalnie przejąć od napotkanych rdzennych mieszkańców? Złoto
61%
Które współczesne państwo Nowego Świata jako pierwsze odwiedził Kolumb? Bahamy
58%
Kim byli monarchowie tych dwóch królestw? Ferdynand
58%
Kim byli monarchowie tych dwóch królestw? Izabella
55%
Jak nazywały się trzy statki, którymi Kolumb wyruszył w swoją pierwszą podróż? Pinta
53%
Jak nazywały się trzy statki, którymi Kolumb wyruszył w swoją pierwszą podróż? Niña
42%
Stolicą którego stanu USA jest Columbus? Ohio
39%
Europejczycy przywieźli wiele chorób do Nowego Świata. Jaka choroba przenoszona drogą płciową jest uważana za jedyną, która przemieszczała się w przeciwnym kierunku? Syfilis
39%
Jaką stolicę założył w 1496 roku brat Krzysztofa, Bartłomiej, co czyni ją najstarszą europejską osadą w Ameryce? Santo Domingo
32%
Na jakim archipelagu zatrzymał się Kolumb w drodze do Nowego Świata? Wyspy Kanaryjskie
29%
Gdzie Kolumb myślał, że dopłynął? Do {Azji}
21%
Jak nazywa się proces, w którym ludzie, idee, technologia, uprawy i choroby mieszają się ze Starym i Nowym Światem? {Wymiana} Kolumbijska
13%
Nie znaleziono quizów pasujących do podanych kryteriów
Rozkład punktacji
Procent ludzi z każdym wynikiem
Percentyl według liczby udzielonych odpowiedzi
Twoja historia wyników
Nie rozwiązałeś tego quizu